000 00668nam a2200169Ia 4500
008 220216s9999 xx 000 0 und d
100 _aAlam B.
245 0 _aPhotochemical efficiency in Hevea brasiliensis under varying light and CO2 in two agroclimatically distinct locations
260 _bSecond International Congress of Plant Physiology on Sustainable Plant Productivity under Changing Environment, 8-12 January 2003, IARI, New Delhi, India, pp. 96
_c2003
650 _aChlorophyll fluorescence
650 _aCold stress
650 _aElectron transport
650 _aPhotochemical efficiency
700 _aJacob J.[a]
700 _aNair D.B.
942 _cBS
999 _c52338
_d52338